Giáo trình cây ăn quả
v.v...
Đã lưu trong:
| Tác giả chính: | |
|---|---|
| Định dạng: | Sách |
| Năm xuất bản: |
H.
Nông nghiệp
1998
|
| Chủ đề: | |
| Tags: |
Thêm thẻ
Không có thẻ, Hãy là người đầu tiên gắn thẻ bản ghi này!
|
| LEADER | 03746nam a2200337 4500 | ||
|---|---|---|---|
| 999 | |c 158 |d 158 | ||
| 082 | |a 634.071 |b GI108tr | ||
| 100 | |a Trần Thế Tục | ||
| 245 | |a Giáo trình cây ăn quả |c Trần Thế Tục, Cao Anh Long, Phạm Văn Côn,... | ||
| 260 | |a H. |b Nông nghiệp |c 1998 | ||
| 300 | |a 268tr. |c 27cm | ||
| 520 | |a v.v... | ||
| 653 | |a Nông nghiệp | ||
| 653 | |a Cây ăn quả | ||
| 653 | |a Giáo trình | ||
| 942 | |2 ddc |c STK0 | ||
| 952 | |0 0 |1 0 |2 ddc |4 0 |6 634_071000000000000_GI108TR |7 1 |8 600 |9 3534 |a qbu |b qbu |c D3 |d 2014-12-10 |g 50000 |o 634.071 GI108tr |p 1942.c1 |r 0000-00-00 |w 2014-11-13 |y STK0 | ||
| 952 | |0 0 |1 0 |2 ddc |4 0 |6 634_071000000000000_GI108TR |7 0 |8 600 |9 3535 |a qbu |b qbu |c D3 |d 2014-12-10 |g 50000 |o 634.071 GI108tr |p 1942.c2 |r 0000-00-00 |w 2014-11-13 |y STK0 |0 0 |6 634_071000000000000_GI108TR |0 0 |6 634_071000000000000_GI108TR | ||
| 952 | |0 0 |1 0 |2 ddc |4 0 |6 634_071000000000000_GI108TR |7 0 |8 600 |9 3536 |a qbu |b qbu |c D3 |d 2014-12-10 |g 50000 |o 634.071 GI108tr |p 1942.c3 |r 0000-00-00 |w 2014-11-13 |y STK0 |0 0 |6 634_071000000000000_GI108TR |0 0 |6 634_071000000000000_GI108TR | ||
| 952 | |0 0 |1 0 |2 ddc |4 0 |6 634_071000000000000_GI108TR |7 0 |8 600 |9 3537 |a qbu |b qbu |c D3 |d 2014-12-10 |g 50000 |o 634.071 GI108tr |p 1942.c4 |r 0000-00-00 |w 2014-11-13 |y STK0 |0 0 |6 634_071000000000000_GI108TR |0 0 |6 634_071000000000000_GI108TR | ||
| 952 | |0 0 |1 0 |2 ddc |4 0 |6 634_071000000000000_GI108TR |7 0 |8 600 |9 3538 |a qbu |b qbu |c D3 |d 2014-12-10 |g 50000 |o 634.071 GI108tr |p 1942.c5 |r 0000-00-00 |w 2014-11-13 |y STK0 |0 0 |6 634_071000000000000_GI108TR |0 0 |6 634_071000000000000_GI108TR | ||
| 952 | |0 0 |1 0 |2 ddc |4 0 |6 634_071000000000000_GI108TR |7 0 |8 600 |9 3539 |a qbu |b qbu |c D3 |d 2014-12-10 |g 50000 |o 634.071 GI108tr |p 1942.c6 |r 0000-00-00 |w 2014-11-13 |y STK0 |0 0 |6 634_071000000000000_GI108TR |0 0 |6 634_071000000000000_GI108TR | ||
| 952 | |0 0 |1 0 |2 ddc |4 0 |6 634_071000000000000_GI108TR |7 0 |8 600 |9 3540 |a qbu |b qbu |c D3 |d 2014-12-10 |g 50000 |o 634.071 GI108tr |p 1942.c7 |r 0000-00-00 |w 2014-11-13 |y STK0 |0 0 |6 634_071000000000000_GI108TR |0 0 |6 634_071000000000000_GI108TR | ||
| 952 | |0 0 |1 0 |2 ddc |4 0 |6 634_071000000000000_GI108TR |7 0 |8 600 |9 3541 |a qbu |b qbu |c D3 |d 2014-12-10 |g 50000 |o 634.071 GI108tr |p 1942.c8 |r 0000-00-00 |w 2014-11-13 |y STK0 |0 0 |6 634_071000000000000_GI108TR |0 0 |6 634_071000000000000_GI108TR | ||
| 952 | |0 0 |1 0 |2 ddc |4 0 |6 634_071000000000000_GI108TR |7 0 |8 600 |9 3542 |a qbu |b qbu |c D3 |d 2014-12-10 |g 50000 |o 634.071 GI108tr |p 1942.c9 |r 0000-00-00 |w 2014-11-13 |y STK0 |0 0 |6 634_071000000000000_GI108TR |0 0 |6 634_071000000000000_GI108TR | ||
| 952 | |0 0 |1 0 |2 ddc |4 0 |6 634_071000000000000_GI108TR |7 0 |8 600 |9 3543 |a qbu |b qbu |c D3 |d 2014-12-10 |g 50000 |o 634.071 GI108tr |p 1942.c10 |r 0000-00-00 |w 2014-11-13 |y STK0 |0 0 |6 634_071000000000000_GI108TR |0 0 |6 634_071000000000000_GI108TR | ||
| 952 | |0 0 |1 0 |2 ddc |4 0 |6 634_071000000000000_GI108TR |7 0 |8 600 |9 3544 |a qbu |b qbu |c D3 |d 2014-12-10 |g 50000 |o 634.071 GI108tr |p 1942.c11 |r 0000-00-00 |w 2014-11-13 |y STK0 |0 0 |6 634_071000000000000_GI108TR |0 0 |6 634_071000000000000_GI108TR | ||
| 952 | |0 0 |1 0 |2 ddc |4 0 |6 634_071000000000000_GI108TR |7 0 |8 600 |9 3545 |a qbu |b qbu |c D3 |d 2014-12-10 |g 50000 |o 634.071 GI108tr |p 1942.c12 |r 0000-00-00 |w 2014-11-13 |y STK0 |0 0 |6 634_071000000000000_GI108TR |0 0 |6 634_071000000000000_GI108TR | ||
| 952 | |0 0 |1 0 |2 ddc |4 0 |6 634_071000000000000_GI108TR |7 0 |8 600 |9 3546 |a qbu |b qbu |c D3 |d 2014-12-10 |g 50000 |o 634.071 GI108tr |p 1942.c13 |r 0000-00-00 |w 2014-11-13 |y STK0 |0 0 |6 634_071000000000000_GI108TR |0 0 |6 634_071000000000000_GI108TR | ||
| 952 | |0 0 |1 0 |2 ddc |4 0 |6 634_071000000000000_GI108TR |7 0 |8 600 |9 3547 |a qbu |b qbu |c D3 |d 2014-12-10 |g 50000 |o 634.071 GI108tr |p 1942.c14 |r 0000-00-00 |w 2014-11-13 |y STK0 |0 0 |6 634_071000000000000_GI108TR |0 0 |6 634_071000000000000_GI108TR | ||
| 952 | |0 0 |1 0 |2 ddc |4 0 |6 634_071000000000000_GI108TR |7 0 |8 600 |9 3548 |a qbu |b qbu |c D3 |d 2014-12-10 |g 50000 |o 634.071 GI108tr |p 1942.c15 |r 0000-00-00 |w 2014-11-13 |y STK0 |0 0 |6 634_071000000000000_GI108TR |0 0 |6 634_071000000000000_GI108TR | ||